| 000 | 00457cam a2200181ua 4500 | ||
|---|---|---|---|
| 020 | _c3.00 | ||
| 041 |
_amal _h |
||
| 082 |
_a894.8122 _bGOR/GO |
||
| 100 | _aGorki, Maxim . | ||
| 245 |
_aGorkiyude Natakangal / _cGorki. _hTextual Documents |
||
| 260 |
_aKottayam : _bPrabhatham printing and publishing co. pvt. ltd. , _c1957. |
||
| 300 | _a396 ; . | ||
| 365 | _a3.00 | ||
| 504 | _a | ||
| 942 | _cBK | ||
| 999 |
_c6299 _d6299 |
||